La version española de De rebus oceanicis et novo orbe decades de Pedro Mártir de Anglería. Estudio de las operaciones discursivas del traductor.

Saved in:
Bibliografiske detaljer
Hovedforfatter: Castilla, Carlos Enrique (autor)
Format: Bog
Udgivet: San Miguel de Tucumán, Argentina: Facultad de Filosofía y Letras, Universidad Nacional de Tucumán, 2013.
Udgivelse:1a ed.
Serier:Colección Tesis
Fag:
Tags: Tilføj Tag
Ingen Tags, Vær først til at tagge denne postø!

MARC

LEADER 00000nam a22000007a 4500
003 CL-VaPUC
005 20230316095638.0
008 230310t2013 ||||| |||| 00| 0 eng d
999 |c 440085  |d 440083 
020 |a 978-950-554-822-4 
040 |c Pontificia Universidad Católica de Valparaíso 
082 |a 410 CAS 2013 
100 1 |a Castilla, Carlos Enrique  |e autor  |9 880479 
245 |a La version española de De rebus oceanicis et novo orbe decades de Pedro Mártir de Anglería.  |b Estudio de las operaciones discursivas del traductor. 
250 |a 1a ed. 
260 |a San Miguel de Tucumán, Argentina:  |b Facultad de Filosofía y Letras, Universidad Nacional de Tucumán,  |c 2013. 
300 |a 280 páginas. 
490 |a Colección Tesis 
500 |a c.1 Donación Maria Jesús Benites. Memo HIS/003 2023. 
583 |c 20230310  |k Catalogador Asistente 
650 |a Lingüística  |9 880480 
650 |a Análisis lexicográfico  |9 880488 
650 0 |a Traducción e interpretación  |9 315998 
942 |2 ddc  |c BK 
952 |0 0  |1 0  |2 ddc  |4 0  |6 410_000000000000000_CAS_2013  |7 0  |8 A  |9 588940  |a BIBHIS  |b BIBHIS  |d 2023-03-10  |e Donación  |i 5656585  |o 410 CAS 2013  |p 5656585  |r 2025-01-20  |t 1  |w 2023-03-10  |y BK  |k HIS